<?xml version="1.0" encoding="UTF-8"?>
<collection xmlns:xsi="http://www.w3.org/2001/XMLSchema-instance" xsi:schemaLocation="http://www.loc.gov/MARC21/slim http://www.loc.gov/standards/marcxml/schema/MARC21slim.xsd" xmlns="http://www.loc.gov/MARC21/slim">
 <record>
  <leader>00000nam a22000004a 4500</leader>
  <controlfield tag="001">UP-1685954869149786687</controlfield>
  <controlfield tag="003">Buklod</controlfield>
  <controlfield tag="005">20240401120108.0</controlfield>
  <controlfield tag="006">m     |  | |      </controlfield>
  <controlfield tag="007">ta</controlfield>
  <controlfield tag="008">240401s2023    enk     r   b|001 0|eng d</controlfield>
  <datafield tag="020" ind1=" " ind2=" ">
   <subfield code="a">9781032132846 (pbk)</subfield>
  </datafield>
  <datafield tag="037" ind1=" " ind2=" ">
   <subfield code="a">BC-74790</subfield>
   <subfield code="b">SERV Enterprises</subfield>
   <subfield code="c">Php3,969.00</subfield>
   <subfield code="n">Department of Economics and Political Science</subfield>
  </datafield>
  <datafield tag="040" ind1=" " ind2=" ">
   <subfield code="a">DLC</subfield>
   <subfield code="e">rda</subfield>
   <subfield code="d">BAG</subfield>
  </datafield>
  <datafield tag="041" ind1="0" ind2=" ">
   <subfield code="a">eng</subfield>
  </datafield>
  <datafield tag="090" ind1=" " ind2="0">
   <subfield code="a">JF 60</subfield>
   <subfield code="b">D44 2023</subfield>
  </datafield>
  <datafield tag="245" ind1="0" ind2="0">
   <subfield code="a">Deepening democracy</subfield>
   <subfield code="b">comparative perspectives on decentralisation, co-operativism and self-managed development</subfield>
   <subfield code="c">edited by Joseph Tharamangalam and Jos Chathukulam.</subfield>
  </datafield>
  <datafield tag="264" ind1=" " ind2="0">
   <subfield code="a">Abingdon, Oxon, [England]</subfield>
   <subfield code="b">Routledge, an imprint of the Taylor &amp; Francis Group</subfield>
   <subfield code="c">2023.</subfield>
  </datafield>
  <datafield tag="300" ind1=" " ind2=" ">
   <subfield code="a">xvi, 250 pages</subfield>
   <subfield code="c">24 cm</subfield>
  </datafield>
  <datafield tag="336" ind1=" " ind2=" ">
   <subfield code="a">text</subfield>
   <subfield code="2">rdacontent</subfield>
  </datafield>
  <datafield tag="337" ind1=" " ind2=" ">
   <subfield code="a">unmediated</subfield>
   <subfield code="2">rdamedia</subfield>
  </datafield>
  <datafield tag="338" ind1=" " ind2=" ">
   <subfield code="a">volume</subfield>
   <subfield code="2">rdacarrier</subfield>
  </datafield>
  <datafield tag="504" ind1=" " ind2=" ">
   <subfield code="a">Includes bibliographical references and index.</subfield>
  </datafield>
  <datafield tag="505" ind1="0" ind2=" ">
   <subfield code="a">Experiments in deepening democracy through decentralized governance : an overview / Joseph Tharamangalam and Jos Chathukulam -- Embedded democracy / Patrick Heller -- Socialist construction and commoning / Cliff DuRand -- Thinking beyond capitalism / Errol Sharpe -- COVID-19 context in India and working towards alternative paradigms / M.A. Oommen -- Citizenship and social suffering in the context of COVID-19 / P. Sanal Mohan -- Democracy and capitalism in the time of COVID-19 / Henry Veltmeyer -- The roles of NGOs, state and for-profit agencies in improving the maternal and child sector in Bangladesh : towards a division of labour / Ahmed Tareq Rashid -- Governance, welfare-based development and COVID-19 : Sweden and Kerala in comparative perspective / Olle Tornquist -- The cure remains a symptom : sub-national government, democracy and development in South Africa / Steven Friedman -- Reorienting people's planning in Kerala / K.N. Harilal -- The capacity conundrum in decentralization and local governance : how Kerala tackles it / Joy Elamon and Sukanya K.U. -- Employment creation at a decentralized level through the construction of niche structures and promotion of self-organization / Sunil Ray -- From agricultural co-operatives to farmer producing companies : analysing the transition of co-operativism in India / K. Gireesan -- Co-operativism to manage COVID-19 / Abhilash Babu and Sabu Thomas -- Cuba's experiments with cooperativsm and solidarity economies : a move towards 21st century socialism / Joseph Tharamangalam -- Lessons and non -lessons / Joseph Tharamangalam and Jos Chathukulam.</subfield>
  </datafield>
  <datafield tag="520" ind1=" " ind2=" ">
   <subfield code="a">&quot;This book examines the renewed interest and commitment that countries across the world have shown in recent decades towards adopting models of decentralizing, or &quot;downsizing&quot; the state, and moving towards more participatory models of government. It examines systems of decentralized development such as self-managing cooperatives from a global and comparative perspective with a focus on developing countries. Drawing on examples from Kerala and a few other states in India, as well as Cuba, Bangladesh and South Africa among other countries, the book offers critical perspectives on the positive impacts of these experiments and the promises these offer for the future. It discusses the challenges of implementing these models, how well these work in coordination with the civil society and the state, issues of transparency and democratic oversight as well as corruption and capture of power due to entrenched structures of inequality. The volume analyses welfare and development models and self-management interventions in countering the effects of the Covid-19 pandemic. It also looks at the merits and demerits of decentralization in countering the global socioeconomic and environmental crisis and the rise of authoritarian populism in many countries. The book will be of interest to students and researchers of development studies, political science, business, community development, social justice as well as of cooperative management programs. It will also appeal to students of political economy as well as development professionals, think tanks and policy makers&quot;--Provided by publisher.</subfield>
  </datafield>
  <datafield tag="650" ind1=" " ind2="0">
   <subfield code="a">Decentralization in government</subfield>
   <subfield code="x">Developing countries.</subfield>
  </datafield>
  <datafield tag="650" ind1=" " ind2="0">
   <subfield code="a">Cooperative societies</subfield>
   <subfield code="z">Developing countries.</subfield>
  </datafield>
  <datafield tag="650" ind1=" " ind2="0">
   <subfield code="a">Economic development projects</subfield>
   <subfield code="z">Developing countries.</subfield>
  </datafield>
  <datafield tag="650" ind1=" " ind2="0">
   <subfield code="a">Community development</subfield>
   <subfield code="z">Developing countries.</subfield>
  </datafield>
  <datafield tag="650" ind1=" " ind2="0">
   <subfield code="a">COVID-19 Pandemic, 2020- </subfield>
   <subfield code="x">Social aspects</subfield>
   <subfield code="z">Developing countries.</subfield>
  </datafield>
  <datafield tag="650" ind1=" " ind2="0">
   <subfield code="a">Decentralization in government</subfield>
   <subfield code="z">Developing countries.</subfield>
   <subfield code="v">Case studies.</subfield>
  </datafield>
  <datafield tag="650" ind1=" " ind2="0">
   <subfield code="a">Cooperative societies</subfield>
   <subfield code="z">Developing countries</subfield>
   <subfield code="v">Case studies.</subfield>
  </datafield>
  <datafield tag="650" ind1=" " ind2="0">
   <subfield code="a">Economic development projects</subfield>
   <subfield code="z">Developing countries</subfield>
   <subfield code="v">Case studies.</subfield>
  </datafield>
  <datafield tag="650" ind1=" " ind2="0">
   <subfield code="a">Community development</subfield>
   <subfield code="z">Developing countries</subfield>
   <subfield code="v">Case studies.</subfield>
  </datafield>
  <datafield tag="650" ind1=" " ind2="0">
   <subfield code="a">COVID-19 Pandemic, 2020-</subfield>
   <subfield code="x">Social aspects </subfield>
   <subfield code="z">Developing countries</subfield>
   <subfield code="v">Case studies.</subfield>
  </datafield>
  <datafield tag="700" ind1="1" ind2=" ">
   <subfield code="a">Tharamangalam, Joseph</subfield>
   <subfield code="e">editor.</subfield>
  </datafield>
  <datafield tag="700" ind1="1" ind2=" ">
   <subfield code="a">Chathukulam, Jos</subfield>
   <subfield code="e">editor.</subfield>
  </datafield>
  <datafield tag="905" ind1=" " ind2=" ">
   <subfield code="a">FO</subfield>
  </datafield>
  <datafield tag="852" ind1="0" ind2=" ">
   <subfield code="a">UPBAG</subfield>
   <subfield code="b">UPBAG-MAIN</subfield>
   <subfield code="h">JF 60</subfield>
   <subfield code="i">D44 2023</subfield>
  </datafield>
  <datafield tag="942" ind1=" " ind2=" ">
   <subfield code="a">Book</subfield>
  </datafield>
 </record>
</collection>
